|
|
|
|
| LEADER |
01939nam a2200565 i 4500 |
| 001 |
nkc20253676560 |
| 003 |
CZ PrNK |
| 005 |
20251030112227.0 |
| 007 |
ta |
| 008 |
250312s2025 xr f 000 0 cze |
| 015 |
|
|
|a cnb003676560
|
| 020 |
|
|
|a 978-80-246-6075-2
|q (brožováno)
|
| 035 |
|
|
|a (OCoLC)1522999924
|
| 040 |
|
|
|a BOA001
|b cze
|d ABA001
|e rda
|
| 041 |
0 |
|
|a cze
|b eng
|
| 072 |
|
7 |
|a 811.162.3
|x Čeština
|2 Konspekt
|9 11
|
| 080 |
|
|
|a 811.162.3
|2 MRF
|
| 080 |
|
|
|a 159.922.4
|2 MRF
|
| 080 |
|
|
|a 81'232
|2 MRF
|
| 080 |
|
|
|a 81'255.4
|2 MRF
|
| 080 |
|
|
|a (048.8)
|2 MRF
|
| 100 |
1 |
|
|a Hrdlička, Milan,
|d 1960-
|7 xx0129166
|4 aut
|
| 245 |
1 |
0 |
|a Čeština mezi jazyky /
|c Milan Hrdlička
|
| 250 |
|
|
|a První vydání
|
| 264 |
|
1 |
|a Praha :
|b Univerzita Karlova, nakladatelství Karolinum,
|c 2025
|
| 300 |
|
|
|a 123 stran ;
|c 23 cm
|
| 336 |
|
|
|a text
|b txt
|2 rdacontent
|
| 337 |
|
|
|a bez média
|b n
|2 rdamedia
|
| 338 |
|
|
|a svazek
|b nc
|2 rdacarrier
|
| 490 |
1 |
|
|a Studia philologica Pragensia
|
| 504 |
|
|
|a Obsahuje bibliografie a bibliografické odkazy
|
| 546 |
|
|
|a Anglické resumé
|
| 650 |
0 |
7 |
|a čeština
|7 ph135292
|2 czenas
|
| 650 |
0 |
7 |
|a národní mentalita
|7 ph123434
|2 czenas
|
| 650 |
0 |
7 |
|a jazyková akvizice
|7 ph442516
|2 czenas
|
| 650 |
0 |
7 |
|a literární překlady
|7 ph122392
|2 czenas
|
| 650 |
0 |
9 |
|a Czech language
|2 eczenas
|
| 650 |
0 |
9 |
|a national characteristics
|2 eczenas
|
| 650 |
0 |
9 |
|a language acquisition
|2 eczenas
|
| 650 |
0 |
9 |
|a literary translations
|2 eczenas
|
| 655 |
|
7 |
|a monografie
|7 fd132842
|2 czenas
|
| 655 |
|
9 |
|a monographs
|2 eczenas
|
| 830 |
|
0 |
|a Studia philologica Pragensia
|0 s
|
| 910 |
2 |
|
|a BOA001
|b 2-1543.414
|
| 928 |
9 |
|
|a Karolinum
|
| 990 |
|
|
|a BK
|
| 995 |
|
|
|a 01
|
| 991 |
|
|
|b 202505
|c NOV
|
| 996 |
6 |
|
|b 2611001210
|c 2-1543.414
|l MZK
|r Sklad / do 1 hodiny
|n 2
|p p.v.
|w 002002974
|u 000010
|a 1
|e BOA001
|j MZK50
|s P
|
| 996 |
7 |
|
|b 2611016911
|c 2-1543.414
|l MZK
|r Sklad / do 1 hodiny
|n 0
|p kup
|w 002002974
|u 000020
|a 1
|e BOA001
|j MZK50
|s A
|